000 00849nam a2200253Ia 4500
003 IIN
005 20250328124052.0
008 250328s9999 xx ad 001 0 eng d
020 _cRs.3999.00
_a9789393553430
040 _aIIN
_bEnglish
082 _a611
_bMOO
100 1 _aMoore, Keith L
245 1 _aMoore's Clinically Oriented Anatomy
_cKeith L, Moore/ edited by S. Aruna and N. Isai Vani
250 _a2nd ed.
_bSouth Asian Edition
260 _bWolters Kluwer
_aNew Delhi
_c2023
300 _axxvi, 439-876 p. / V.2
_bcol. ill.
500 _aIncludes Index
505 _aVol. 2 Contains Three Section Section 1: Abdomen Section 2: Pelvis and Perineum Section 3: Lower Limb
650 1 _aAnatomy
_vClinically Oriented
700 1 _aAruna, S (ed.)
700 1 _aVani, N. Isai (ed.)
856 _uwww.lwwindia.co.in
942 _cBOOK
999 _c1716
_d1716